书目信息 |
| 题名: |
氨羧络合剂及其在分析化学上的应用
|
|
| 作者: | 陈执中 编著 | |
| 分册: | ||
| 出版信息: | 上海 科学技术出版社 1962 |
|
| 页数: | 170页 | |
| 开本: | 19cm | |
| 丛书名: | ||
| 单 册: | ||
| 中图分类: | TQ21 | |
| 科图分类: | ||
| 主题词: | 有机化合物--生产 | |
| 电子资源: | ||
| ISBN: | ||
| 000 | 00638nam0 2200217 450 | |
| 001 | 0636440255 | |
| 005 | 20060523103508.12 | |
| 010 | @dCNY0.70 | |
| 091 | @a15119.1666 | |
| 100 | @a20060427d1962 km y0chiy0120 ea | |
| 101 | 0 | @achi |
| 102 | @aCN@b310000 | |
| 200 | 1 | @a氨羧络合剂及其在分析化学上的应用@Aan suo luo he ji ji qi zai fen xi hua xue shang de ying yong@f陈执中编著@Fchen zhi zhong bian zhu |
| 205 | @a2版 | |
| 210 | @a上海@c科学技术出版社@d1962 | |
| 215 | @a170页@d19cm | |
| 606 | 0 | @a有机化合物@x生产 |
| 690 | @aTQ21@v3 | |
| 701 | 0 | @a陈执中@Achen zhi zhong@4编著 |
| 801 | 0 | @aCN@bPFT@c20060523 |
| 905 | @a10447@dTQ21@e1=2 | |
| 氨羧络合剂及其在分析化学上的应用/陈执中编著.-2版.-上海:科学技术出版社,1962 |
| 170页;19cm |
| ISBN :CNY0.70 |
| ● |
| 相关链接 |
|
|
|
|
正题名:氨羧络合剂及其在分析化学上的应用
索取号:TQ21/1=2
 
预约/预借
| 序号 | 登录号 | 条形码 | 馆藏地/架位号 | 状态 | 备注 |
| 1 | 0018084 | 202370996 | 密集书库/ [索取号:TQ21/1=2] | 在馆 |